=LDR 00000nam 2200000 4500 =001 INLIS000000000009959 =005 20130612101718 =008 ***********************************Ind** =035 ##$$0010-061300000009959 =041 ##$$a Ind =082 ##$$a 028.5 =090 ##$$a 028.5, Ber t =100 ##$$a Bertino, Andree =245 ##$$a tiga sungai buas, Andree Bertino ; alih bahasa, Esther S. Mandjani =260 ##$$a 1995 $b jakarta =300 ##$$a 24 hlm, ilus, 19 cm =650 ##$$a Fiksi anak-anak =850 ##$$a NBPNMAT